[Event "Abierto Internacional Carlos I"]
[Site "Hotel Carlos I (Sanxenxo)"]
[Date "2009.06.22"]
[Round "3.9"]
[White "Gomez Garrido, Camilo"]
[Black "Bello Filgueira, Joaquin Antoni"]
[Result "1-0"]
[WhiteElo "2446"]
[BlackElo "1960"]
[PlyCount "87"]
[EventDate "2009.06.20"]

1. e4 c5 2. Nf3 d6 3. d4 cxd4 4. Nxd4 Nf6 5. Nc3 a6 6. Be3 e5 7. Nb3 Be6 8. Qd2
Be7 9. O-O-O b5 10. f4 Nbd7 11. f5 Bxb3 12. axb3 O-O 13. Kb1 b4 14. Nd5 Nxd5
15. exd5 a5 16. Bb5 Rb8 17. Bc6 Qc7 18. g4 Rfc8 19. g5 Bf8 20. h4 a4 21. bxa4
b3 22. Rc1 Nc5 23. g6 fxg6 24. fxg6 h6 25. Bxc5 bxc2+ 26. Rxc2 dxc5 27. Rf1 Qd6
28. h5 Be7 29. Rf7 Rf8 30. Qf2 e4 31. Qf5 e3 32. Qe6 Rxf7 33. gxf7+ Kf8 34.
Qxe3 Kxf7 35. a5 Bf6 36. Qe6+ Qxe6 37. dxe6+ Kxe6 38. a6 Kd6 39. a7 Rc8 40.
a8=Q Rxa8 41. Bxa8 Bd4 42. b3 Ke5 43. Rg2 Kf5 44. Kc2 1-0

[Event "Abierto Internacional Carlos I"]
[Site "Hotel Carlos I (Sanxenxo)"]
[Date "2009.06.22"]
[Round "3.10"]
[White "Alvarez Fernandez, Enrique"]
[Black "Rosenfeld, Imre"]
[Result "1-0"]
[WhiteElo "2376"]
[BlackElo "1919"]
[PlyCount "71"]
[EventDate "2009.06.20"]

1. d4 d5 2. Bf4 c6 3. e3 Bf5 4. c4 e6 5. Nc3 Nf6 6. Qb3 Qc8 7. h3 Nbd7 8. Nf3
Be7 9. Be2 Ne4 10. O-O O-O 11. Rfc1 dxc4 12. Bxc4 Ndf6 13. Be2 Nxc3 14. bxc3
Ne4 15. a4 Bd6 16. Bxd6 Nxd6 17. Qb4 Qc7 18. Nh4 Be4 19. c4 Qe7 20. Nf3 Rab8
21. c5 Ne8 22. Nd2 Bg6 23. Qa5 a6 24. Nc4 Qg5 25. f4 Qg3 26. Qe1 Qxe1+ 27. Rxe1
Nc7 28. Ra3 Nd5 29. Bd3 Bxd3 30. Rxd3 b6 31. cxb6 Nxb6 32. Ne5 Rfe8 33. Rc1
Nxa4 34. Ra1 Nb6 35. Rxa6 Nd5 36. Nxc6 {ilegible (1-0 en 77)} 1-0

[Event "Abierto Internacional Carlos I"]
[Site "Hotel Carlos I (Sanxenxo)"]
[Date "2009.06.23"]
[Round "4.1"]
[White "Recuero Guerra, David"]
[Black "Paunovic, Dragan"]
[Result "0-1"]
[WhiteElo "2459"]
[BlackElo "2537"]
[PlyCount "78"]
[EventDate "2009.06.20"]

1. e4 d6 2. d4 Nf6 3. Nc3 e5 4. Nf3 Nbd7 5. Bc4 Be7 6. a4 O-O 7. O-O c6 8. Re1
a5 9. h3 Nb6 10. Ba2 Nfd7 11. Be3 exd4 12. Qxd4 Nc5 13. Rad1 Be6 14. Bxe6 fxe6
15. e5 d5 16. Qg4 Qe8 17. b3 Nbd7 18. Ne2 h5 19. Qg3 Ne4 20. Qh2 Ndc5 21. Nfd4
Qg6 22. f3 Bg5 23. Bxg5 Qxg5 24. fxe4 Qe3+ 25. Kh1 Nxe4 26. Rf1 c5 27. Nxe6
Rxf1+ 28. Rxf1 Qxe2 29. Qg1 Qxf1 30. Qxf1 Ng3+ 31. Kg1 Nxf1 32. Kxf1 b6 33. Nc7
Rd8 34. c4 dxc4 35. bxc4 Kf7 36. Ke2 Rd4 37. e6+ Ke7 38. Nd5+ Kxe6 39. Nxb6 h4
0-1

[Event "Abierto Internacional Carlos I"]
[Site "Hotel Carlos I (Sanxenxo)"]
[Date "2009.06.23"]
[Round "4.2"]
[White "Rodriguez Lopez, Rafael"]
[Black "Strikovic, Aleksa"]
[Result "1-0"]
[WhiteElo "2299"]
[BlackElo "2536"]
[PlyCount "95"]
[EventDate "2009.06.20"]

1. e4 d6 2. d4 Nf6 3. Nc3 Nbd7 4. f4 e5 5. Nf3 exd4 6. Qxd4 c6 7. Be3 d5 8.
exd5 Bc5 9. Qd3 Qe7 10. Nd4 Nb6 11. dxc6 O-O 12. O-O-O Bg4 13. Be2 Rfe8 14.
Bxg4 Nxg4 15. Bg1 bxc6 16. h3 Nf6 17. Nxc6 Qc7 18. Bxc5 Qxc6 19. Bd4 Rac8 20.
Qb5 Qc7 21. Be5 Qe7 22. Rhe1 Nfd7 23. Nd5 Qh4 24. Nxb6 Nxb6 25. Qf1 Re6 26. b3
Qe7 27. Bb2 Nd5 28. Rxe6 Qxe6 29. Qd3 Nxf4 30. Qd8+ Qe8 31. Qxe8+ Rxe8 32. Rd7
Nxg2 33. Rxa7 g5 34. b4 Ne3 35. b5 Nc4 36. Bc3 h5 37. Rc7 Re4 38. a4 g4 39.
hxg4 Rxg4 40. Rc8+ Kh7 41. Rh8+ Kg6 42. Rg8+ Kf5 43. Rxg4 hxg4 44. a5 Ke4 45.
a6 g3 46. a7 Nb6 47. Be1 Kf3 48. Bb4 1-0

[Event "Abierto Internacional Carlos I"]
[Site "Hotel Carlos I (Sanxenxo)"]
[Date "2009.06.23"]
[Round "4.3"]
[White "Senlle Caride, Miguel"]
[Black "Gomez, Ledo Roberto"]
[Result "0-1"]
[WhiteElo "2155"]
[BlackElo "2398"]
[PlyCount "76"]
[EventDate "2009.06.20"]

1. e4 e6 2. d4 d5 3. Nc3 dxe4 4. Nxe4 Bd7 5. Bd3 Bc6 6. Nf3 Nd7 7. Qe2 Ngf6 8.
Bd2 Bxe4 9. Bxe4 Nxe4 10. Qxe4 c6 11. O-O-O Be7 12. Kb1 O-O 13. Bc1 Qa5 14. Ne5
Nxe5 15. dxe5 Rfd8 16. f4 Rxd1 17. Rxd1 Rd8 18. Rxd8+ Qxd8 19. Qf3 Qd5 20. Qxd5
cxd5 21. Be3 a6 22. c3 h5 23. Kc2 Kh7 24. f5 Bd8 25. Kd3 Bc7 26. Bf4 g5 27.
Bxg5 Bxe5 28. g3 exf5 29. Bf4 f6 30. c4 dxc4+ 31. Kxc4 h4 32. b4 h3 33. Kc5 Bc3
34. Kb6 Bxb4 35. Kxb7 a5 36. a4 Kg6 37. Ka6 Kh5 38. Bc7 Be1 0-1

[Event "Abierto Internacional Carlos I"]
[Site "Hotel Carlos I (Sanxenxo)"]
[Date "2009.06.23"]
[Round "4.4"]
[White "Adrian, Claude"]
[Black "Lemeaux, David"]
[Result "0-1"]
[WhiteElo "2292"]
[BlackElo "2204"]
[PlyCount "92"]
[EventDate "2009.06.20"]

1. c4 Nf6 2. Nc3 e6 3. e4 d5 4. e5 d4 5. exf6 dxc3 6. bxc3 Qxf6 7. Nf3 e5 8.
Bd3 Nd7 9. O-O Bd6 10. Bc2 O-O 11. d4 exd4 12. Bg5 Qe6 13. cxd4 Qxc4 14. Rc1
Qa6 15. Re1 f6 16. Bd2 Rd8 17. Nh4 Nf8 18. Qh5 Qxa2 19. Qf3 Kh8 20. Re3 Be6 21.
Nf5 c6 22. g4 a5 23. h4 Bxf5 24. gxf5 a4 25. h5 h6 26. Re4 Qd5 27. Rce1 Nh7 28.
Qg4 Qf7 29. Re6 b5 30. Be4 Rac8 31. Ba5 Rd7 32. Bc2 Bf8 33. Bb6 Rb7 34. Ba5 Rd7
35. R1e3 c5 36. dxc5 Bxc5 37. Re2 Rd4 38. R2e4 Ng5 39. Rxd4 Bxd4 40. Bd1 Qa7
41. Be1 a3 42. Qe2 Nxe6 43. fxe6 Qc5 44. Qe4 a2 45. e7 Re8 46. Bc2 f5 0-1

[Event "Abierto Internacional Carlos I"]
[Site "Hotel Carlos I (Sanxenxo)"]
[Date "2009.06.23"]
[Round "4.5"]
[White "Gonzalez Diaz, Julio"]
[Black "De La Villa Garcia, Jesus Maria"]
[Result "0-1"]
[WhiteElo "2243"]
[BlackElo "2476"]
[PlyCount "70"]
[EventDate "2009.06.20"]

1. Nf3 d5 2. g3 Bg4 3. Bg2 Nd7 4. c4 e6 5. cxd5 exd5 6. h3 Bh5 7. O-O Ngf6 8.
Nc3 c6 9. d3 Be7 10. Nh4 d4 11. Nb1 O-O 12. Nf5 Bc5 13. b4 Bb6 14. b5 cxb5 15.
Bxb7 Rb8 16. Bg2 Bg6 17. Nh4 Re8 18. a4 bxa4 19. Rxa4 Bh5 20. Ra2 Nc5 21. Bf4
Rc8 22. g4 Nxg4 23. Nf5 Ne5 24. Ng3 Qh4 25. Nxh5 Qxh5 26. Na3 Re7 27. Nb5 Rd8
28. Qa1 Ng6 29. Bg3 Nb3 30. Qb2 Qxb5 31. Rb1 Rc8 32. Qxb3 Rc1+ 33. Rxc1 Qxb3
34. Rc8+ Nf8 35. Bd6 Qe6 0-1

[Event "Abierto Internacional Carlos I"]
[Site "Hotel Carlos I (Sanxenxo)"]
[Date "2009.06.23"]
[Round "4.6"]
[White "Paredes Cordo, Jacobo Borja"]
[Black "Pena Gomez, Manuel"]
[Result "1/2-1/2"]
[WhiteElo "2231"]
[BlackElo "2456"]
[PlyCount "67"]
[EventDate "2009.06.20"]

1. e4 c5 2. Nc3 Nc6 3. g3 g6 4. Bg2 Bg7 5. d3 d6 6. f4 e6 7. Nf3 Nge7 8. O-O
O-O 9. Be3 Nd4 10. Bf2 Rb8 11. Nxd4 cxd4 12. Ne2 e5 13. c3 Nc6 14. cxd4 exd4
15. h3 Qb6 16. b3 f5 17. Re1 Bd7 18. Nc3 Qa6 19. Nd5 fxe4 20. dxe4 Rf7 21. b4
Be6 22. Rb1 Qa3 23. b5 Bxd5 24. exd5 Ne7 25. Qd2 Rc8 26. Rb3 Qc5 27. Rd1 Nf5
28. Kh2 Re7 29. Bf3 Ne3 30. Re1 Qc2 31. Rd3 Qa4 32. Bd1 Qxb5 33. Bxe3 dxe3 34.
Rdxe3 1/2-1/2

[Event "Abierto Internacional Carlos I"]
[Site "Hotel Carlos I (Sanxenxo)"]
[Date "2009.06.23"]
[Round "4.7"]
[White "Salgado Lopez, Oscar"]
[Black "Gomez Garrido, Camilo"]
[Result "0-1"]
[WhiteElo "2216"]
[BlackElo "2446"]
[PlyCount "140"]
[EventDate "2009.06.20"]

1. e4 c5 2. b3 b6 3. Bb2 Bb7 4. Nc3 Nc6 5. Nf3 e5 6. Bc4 d6 7. O-O Be7 8. Re1
Nf6 9. Nd5 O-O 10. c3 Na5 11. Nxf6+ Bxf6 12. Bf1 Re8 13. b4 Nc6 14. b5 Ne7 15.
c4 a6 16. a4 Ng6 17. g3 Nf8 18. d3 Ne6 19. Bg2 g6 20. Nd2 Bg5 21. Nf1 h5 22.
Ne3 Bxe3 23. Rxe3 Nd4 24. Re1 Bc8 25. Bxd4 cxd4 26. Qd2 Bd7 27. Reb1 Qc7 28.
Qh6 Qd8 29. f4 Qf6 30. fxe5 Qxe5 31. Rf1 Be6 32. Rfb1 Bd7 33. Rf1 Rf8 34. Qf4
Kg7 35. h4 Ra7 36. Qxe5+ dxe5 37. a5 axb5 38. axb6 Ra4 39. cxb5 Rxa1 40. Rxa1
Rb8 41. Kf2 Rxb6 42. Rb1 Rxb5 43. Rxb5 Bxb5 44. Ke2 Bd7 45. Kd2 Bg4 46. Kc2 Kf6
47. Bf1 Ke7 48. Kb3 Kd6 49. Kb4 f6 50. Kc4 g5 51. Kb4 Bd1 52. Kc4 g4 53. Kb4
Kc6 54. Kc4 Ba4 55. Be2 Bb5+ 56. Kb4 Kb6 57. Kb3 Kc5 58. Kc2 Bd7 59. Kd2 f5 60.
exf5 Bxf5 61. Bd1 Kb4 62. Bc2 Bd7 63. Bd1 Bc6 64. Be2 Bf3 65. Bxf3 gxf3 66. g4
hxg4 67. h5 g3 68. Ke1 e4 69. dxe4 f2+ 70. Kf1 d3 0-1

[Event "Abierto Internacional Carlos I"]
[Site "Hotel Carlos I (Sanxenxo)"]
[Date "2009.06.23"]
[Round "4.8"]
[White "Guerra Bastida, Diego"]
[Black "Ortiz Fernandez-Vega, Alejandro"]
[Result "1-0"]
[WhiteElo "2420"]
[BlackElo "2191"]
[PlyCount "67"]
[EventDate "2009.06.20"]

1. e4 c5 2. Nf3 g6 3. d4 cxd4 4. Nxd4 Nf6 5. Nc3 d6 6. Bc4 Bg7 7. h3 O-O 8. Bb3
Nc6 9. Be3 Bd7 10. O-O Rc8 11. f4 a6 12. Qf3 Qc7 13. Rad1 Na5 14. Rfe1 Nxb3 15.
cxb3 Bc6 16. Rc1 Qa5 17. a3 e5 18. b4 exd4 19. bxa5 dxc3 20. Rxc3 Bxe4 21. Qd1
Bc6 22. Bd4 Rfe8 23. Rxe8+ Rxe8 24. Re3 Rc8 25. Re1 d5 26. b4 Ne4 27. Bxg7 Kxg7
28. Qd4+ Kg8 29. Kh2 f5 30. Rc1 Nd6 31. Qf6 Nf7 32. a4 Rd8 33. b5 axb5 34. axb5
1-0

[Event "Abierto Internacional Carlos I"]
[Site "Hotel Carlos I (Sanxenxo)"]
[Date "2009.06.23"]
[Round "4.9"]
[White "Lacrosse, Marc"]
[Black "Aguera Naredo, Javier"]
[Result "1/2-1/2"]
[WhiteElo "2216"]
[BlackElo "2380"]
[PlyCount "93"]
[EventDate "2009.06.20"]

1. d4 Nf6 2. c4 g6 3. Nc3 Bg7 4. e4 d6 5. Nf3 O-O 6. Be2 Na6 7. O-O e5 8. Be3
Ng4 9. Bg5 Qe8 10. h3 f6 11. Bc1 Nh6 12. Rb1 Nf7 13. Be3 f5 14. dxe5 Nxe5 15.
Nxe5 Qxe5 16. exf5 Bxf5 17. Bd3 Bxd3 18. Qxd3 Nb4 19. Qd2 Nc6 20. Qd5+ Rf7 21.
Rfd1 Raf8 22. Ne4 Kh8 23. Qxe5 Nxe5 24. b3 b6 25. Rbc1 Nc6 26. Nc3 Ne7 27. f3
Nf5 28. Bf2 Be5 29. Nd5 g5 30. Rc2 h5 31. Re2 Rg8 32. g4 Ng7 33. Kg2 Ne6 34.
Bg3 Nf4+ 35. Nxf4 gxf4 36. Bf2 hxg4 37. hxg4 Rxg4+ 38. fxg4 f3+ 39. Kf1 fxe2+
40. Kxe2 Kg7 41. Be3 Re7 42. Kd3 Kg6 43. Rh1 Bf6 44. Rh6+ Kg7 45. Rh5 Kg6 46.
Rh6+ Kg7 47. Rh5 1/2-1/2

[Event "Abierto Internacional Carlos I"]
[Site "Hotel Carlos I (Sanxenxo)"]
[Date "2009.06.24"]
[Round "5.1"]
[White "Paunovic, Dragan"]
[Black "Rodriguez Lopez, Rafael"]
[Result "1-0"]
[WhiteElo "2537"]
[BlackElo "2299"]
[PlyCount "47"]
[EventDate "2009.06.20"]

1. Nf3 d5 2. d4 Nf6 3. c4 c6 4. e3 e6 5. Bd3 Nbd7 6. Nbd2 Be7 7. O-O O-O 8. b3
b6 9. Bb2 Bb7 10. Qc2 Rc8 11. Ne5 g6 12. f4 c5 13. Ndf3 cxd4 14. exd4 Nh5 15.
Nxd7 Qxd7 16. Ne5 Qc7 17. Qe2 dxc4 18. bxc4 Rfe8 19. f5 exf5 20. Bxf5 Rcd8 21.
Nxf7 Ng7 22. Be6 Nxe6 23. Qxe6 Ba3 24. Qf6 1-0

[Event "Abierto Internacional Carlos I"]
[Site "Hotel Carlos I (Sanxenxo)"]
[Date "2009.06.24"]
[Round "5.2"]
[White "Lemeaux, David"]
[Black "Gomez, Ledo Roberto"]
[Result "1/2-1/2"]
[WhiteElo "2204"]
[BlackElo "2398"]
[PlyCount "75"]
[EventDate "2009.06.20"]

1. d4 d5 2. c4 c6 3. Nf3 Nf6 4. Nc3 dxc4 5. a4 e6 6. e3 c5 7. Bxc4 Nc6 8. O-O
cxd4 9. exd4 Be7 10. d5 exd5 11. Nxd5 Nxd5 12. Qxd5 Qxd5 13. Bxd5 O-O 14. Bg5
Bxg5 15. Nxg5 Nb4 16. Bf3 Rb8 17. Rfd1 Bf5 18. Be4 Bxe4 19. Nxe4 Rfe8 20. Nc3
Rbd8 21. Rxd8 Rxd8 22. Rd1 Rxd1+ 23. Nxd1 Kf8 24. Kf1 Ke7 25. Ke2 Kd6 26. Ne3
Kc5 27. Kd2 g6 28. Kc3 f5 29. g3 Na2+ 30. Kb3 Nb4 31. Kc3 a5 32. b3 Nd5+ 33.
Nxd5 Kxd5 34. b4 b6 35. f4 h6 36. bxa5 bxa5 37. Kd3 Kc5 38. Kc3 1/2-1/2

[Event "Abierto Internacional Carlos I"]
[Site "Hotel Carlos I (Sanxenxo)"]
[Date "2009.06.24"]
[Round "5.3"]
[White "De La Villa Garcia, Jesus Maria"]
[Black "Guerra Bastida, Diego"]
[Result "1/2-1/2"]
[WhiteElo "2476"]
[BlackElo "2420"]
[PlyCount "82"]
[EventDate "2009.06.20"]

1. e4 c5 2. Nf3 d6 3. d4 cxd4 4. Nxd4 Nf6 5. Nc3 a6 6. Be3 e5 7. Nf3 Be7 8. Bc4
O-O 9. O-O Nc6 10. Qe2 Na5 11. Bb3 Nxb3 12. axb3 h6 13. Rfd1 Qc7 14. h3 Be6 15.
Nh2 Qc6 16. Qf3 b5 17. Rd2 b4 18. Nd5 Bxd5 19. exd5 Qb5 20. Qd1 Rfc8 21. f3 a5
22. Nf1 Nh5 23. Kh2 f5 24. g4 fxg4 25. hxg4 Nf4 26. Ng3 Bg5 27. Ne4 Qd7 28.
Nxg5 hxg5 29. Bxf4 gxf4 30. Qe2 Kf7 31. Kg2 Rh8 32. Rdd1 Qa7 33. c4 bxc3 34.
bxc3 Qc5 35. c4 Rab8 36. Rh1 Qb4 37. Rxh8 Rxh8 38. Qd3 g6 39. Rh1 Rxh1 40. Kxh1
Kf6 41. Kg2 Kg5 1/2-1/2

[Event "Abierto Internacional Carlos I"]
[Site "Hotel Carlos I (Sanxenxo)"]
[Date "2009.06.24"]
[Round "5.4"]
[White "Gomez Garrido, Camilo"]
[Black "Recuero Guerra, David"]
[Result "0-1"]
[WhiteElo "2446"]
[BlackElo "2459"]
[PlyCount "101"]
[EventDate "2009.06.20"]

1. e4 c5 2. Nf3 d6 3. d4 cxd4 4. Nxd4 Nf6 5. Nc3 Nc6 6. Bc4 e6 7. Be3 a6 8. Qe2
Qc7 9. O-O-O Na5 10. Bb3 b5 11. f3 Nd7 12. g4 Nxb3+ 13. axb3 b4 14. Na4 Nc5 15.
Qf2 Bd7 16. Nxc5 dxc5 17. Ne2 a5 18. Qg3 Qb7 19. Qe5 f6 20. Qh5+ g6 21. Qh4 Be7
22. Qh6 Kf7 23. g5 a4 24. gxf6 Bxf6 25. Bg5 Bg7 26. Qh4 axb3 27. Qf4+ Kg8 28.
cxb3 Bb5 29. Ng3 c4 30. Kd2 Bxb2 31. Qd6 Bc3+ 32. Ke3 Qa7+ 33. Kf4 Qf7+ 34. Kg4
h6 35. Bd2 cxb3 36. f4 Rf8 37. Kh3 Kh7 38. Qc5 Bxd2 39. Qxb5 Rd8 40. Qb6 b2 41.
Rhf1 Rd3 42. f5 gxf5 43. exf5 e5 44. Rb1 Bc1 45. Rf2 Rg8 46. Qc6 Bf4 47. Rf3
Rxf3 48. Qxf3 Rc8 49. Qe4 Kh8 50. Qe2 Rc1 (50... Bc1 51. Rxb2 Bxb2 52. Qxb2 Rc3
53. Kg4 Qc4+ 54. Kh5 Qf4 55. Kg6 Qg5+ 56. Kf7 Qg8+ 57. Ke7 Qg7+ 58. Ke6 Rc6+
59. Kd5 Qd7+ 60. Ke4 Qd4+) 51. Rxb2 0-1

[Event "Abierto Internacional Carlos I"]
[Site "Hotel Carlos I (Sanxenxo)"]
[Date "2009.06.24"]
[Round "5.5"]
[White "Alvarez de Ron Cruz, Dan"]
[Black "Adrian, Claude"]
[Result "1/2-1/2"]
[WhiteElo "2260"]
[BlackElo "2292"]
[PlyCount "140"]
[EventDate "2009.06.20"]

1. g3 c5 2. Nf3 b6 3. Bg2 Bb7 4. O-O Nf6 5. c3 e6 6. d3 d5 7. a3 Be7 8. b4 Nbd7
9. Nbd2 O-O 10. Rb1 Qc7 11. Bb2 Rfd8 12. c4 Rab8 13. cxd5 exd5 14. Qb3 Ng4 15.
Rfc1 Bf6 16. h3 Bxb2 17. Qxb2 Ngf6 18. Nd4 Qd6 19. Nf5 Qe6 20. g4 h5 21. bxc5
bxc5 22. Bf3 hxg4 23. Bxg4 Kf8 24. Nxg7 Qe5 25. Qxe5 Nxe5 26. Nf5 c4 27. dxc4
dxc4 28. Nxc4 Nexg4 29. hxg4 Nxg4 30. Ncd6 Bd5 31. Rxb8 Rxb8 32. e4 Be6 33. Rc7
Rb1+ 34. Kg2 Rb2 35. Rxa7 Kg8 36. Kf3 Nxf2 37. Nh6+ Kg7 38. Nhxf7 Bxf7 39. Nxf7
Kf6 40. e5+ Ke6 41. a4 Nd3 42. Ke4 Nxe5 43. Nd8+ Kd6 44. Nb7+ Ke6 45. Ra6+ Ke7
46. Nc5 Nc4 47. Kd5 Nb6+ 48. Kc6 Nxa4 49. Rxa4 Rd2 50. Re4+ Kf6 51. Re3 Kf5 52.
Nd3 Ra2 53. Re5+ Kf6 54. Re3 Kf5 55. Kd5 Ra5+ 56. Nc5 Kf4 57. Re8 Ra1 58. Nb3
Ra4 59. Re7 Ra8 60. Re4+ Kg5 61. Nc5 Ra5 62. Rc4 Kf5 63. Rb4 Kf6 64. Rf4+ Kg5
65. Rf1 Kg4 66. Kd4 Ra8 67. Ke3 Kg5 68. Ne4+ Kg6 69. Rf6+ Kg7 70. Kf4 Rf8
1/2-1/2

[Event "Abierto Internacional Carlos I"]
[Site "Hotel Carlos I (Sanxenxo)"]
[Date "2009.06.24"]
[Round "5.6"]
[White "Strikovic, Aleksa"]
[Black "Lacrosse, Marc"]
[Result "1-0"]
[WhiteElo "2536"]
[BlackElo "2216"]
[PlyCount "55"]
[EventDate "2009.06.20"]

1. c4 e6 2. g3 d5 3. Bg2 Nf6 4. Nf3 Be7 5. O-O O-O 6. b3 c5 7. cxd5 exd5 8. d4
Nc6 9. Nc3 Re8 10. Bb2 Bg4 11. dxc5 Bxc5 12. Rc1 Rc8 13. h3 Be6 14. Ng5 Be7 15.
Nxe6 fxe6 16. e3 Qa5 17. a3 Kh8 18. b4 Qd8 19. Qe2 Bd6 20. Rfd1 Qe7 21. e4 d4
22. e5 Bxe5 23. Ne4 d3 24. Rxd3 Bxb2 25. Qxb2 Nxe4 26. Bxe4 e5 27. Rdc3 Qe6 28.
Kg2 1-0

[Event "Abierto Internacional Carlos I"]
[Site "Hotel Carlos I (Sanxenxo)"]
[Date "2009.06.24"]
[Round "5.7"]
[White "Pena Gomez, Manuel"]
[Black "Senlle Caride, Miguel"]
[Result "1/2-1/2"]
[WhiteElo "2456"]
[BlackElo "2155"]
[PlyCount "76"]
[EventDate "2009.06.20"]

1. g3 Nf6 2. Bg2 e5 3. c4 d5 4. cxd5 Nxd5 5. Nf3 Nc6 6. O-O Nb6 7. d3 Be7 8. a3
Be6 9. Nc3 O-O 10. b4 a6 11. Bb2 f6 12. Ne4 Qd7 13. Rc1 Kh8 14. Re1 Rad8 15.
Qc2 Qe8 16. Qb1 Qf7 17. Bc3 Nd5 18. Ba1 Qh5 19. h4 Qf7 20. Red1 h6 21. Nc5 Bxc5
22. Rxc5 Nb6 23. Nd2 Bd5 24. Bxd5 Rxd5 25. Rxd5 Qxd5 26. Qb3 Qd7 27. Ne4 Qg4
28. Re1 f5 29. Qe6 Qh5 30. Nc5 Rf6 31. Qb3 g5 32. Kg2 gxh4 33. Rh1 Qxe2 34.
Rxh4 f4 35. Rxf4 Rxf4 36. gxf4 Qg4+ 37. Kf1 Qh3+ 38. Ke2 Qg4+ 1/2-1/2

[Event "Abierto Internacional Carlos I"]
[Site "Hotel Carlos I (Sanxenxo)"]
[Date "2009.06.24"]
[Round "5.8"]
[White "Aguera Naredo, Javier"]
[Black "Adams, Philip"]
[Result "1-0"]
[WhiteElo "2380"]
[BlackElo "2154"]
[PlyCount "83"]
[EventDate "2009.06.20"]

1. e4 e6 2. d4 d5 3. Nc3 Nf6 4. e5 Nfd7 5. f4 c5 6. Nf3 Nc6 7. Be3 Be7 8. Qd2
O-O 9. Be2 a6 10. O-O b5 11. a3 Qb6 12. Rad1 Bb7 13. Qe1 cxd4 14. Nxd4 Bc5 15.
Qd2 Rac8 16. Bf3 Nxd4 17. Bxd4 Bxd4+ 18. Qxd4 Rc4 19. Qxb6 Nxb6 20. Be2 Rc7 21.
Rd4 f6 22. Bg4 f5 23. Be2 Rfc8 24. Ra1 g5 25. fxg5 Nd7 26. Re1 Nxe5 27. Bxb5
Nf7 28. Bxa6 Nxg5 29. Bd3 Rg7 30. Kf1 Ne4 31. Nb1 e5 32. Rb4 Rf8 33. a4 d4 34.
a5 Ba8 35. Rb5 Re8 36. a6 Nd6 37. Rbxe5 Bxg2+ 38. Kf2 Rxe5 39. Rxe5 Ne4+ 40.
Ke1 Bf3 41. Bc4+ Kf8 42. Rxf5+ 1-0

[Event "Abierto Internacional Carlos I"]
[Site "Hotel Carlos I (Sanxenxo)"]
[Date "2009.06.24"]
[Round "5.9"]
[White "Alvarez Fernandez, Enrique"]
[Black "Perez Cameselle, Francisco"]
[Result "1-0"]
[WhiteElo "2376"]
[BlackElo "1987"]
[PlyCount "71"]
[EventDate "2009.06.20"]

1. d4 Nf6 2. Bf4 g6 3. e3 d6 4. Nf3 Bg7 5. h3 O-O 6. Be2 Nbd7 7. Bh2 Qe8 8. c4
e5 9. Nc3 Qe7 10. O-O c6 11. b4 e4 12. Nd2 Re8 13. c5 d5 14. b5 Nf8 15. bxc6
bxc6 16. Qa4 Qd7 17. Rab1 Ne6 18. Rfc1 Bf8 19. Rc2 Be7 20. Rcb2 Bd8 21. Nb5 Bc7
22. Nxc7 Nxc7 23. Rb8 Rxb8 24. Rxb8 a6 25. Qa5 Ne6 26. Nb3 Bb7 27. Rxe8+ Nxe8
28. Bxa6 Bxa6 29. Qxa6 Nd8 30. a4 g5 31. Qb6 f5 32. a5 f4 33. exf4 e3 34. fxe3
Qe7 35. Kh1 Nf7 36. a6 1-0

[Event "Abierto Internacional Carlos I"]
[Site "Hotel Carlos I (Sanxenxo)"]
[Date "2009.06.24"]
[Round "5.10"]
[White "Bolhari, Orfeh"]
[Black "Faber, Michel"]
[Result "1/2-1/2"]
[WhiteElo "2127"]
[BlackElo "2246"]
[PlyCount "88"]
[EventDate "2009.06.20"]

1. e4 c5 2. Ne2 Nc6 3. Nbc3 Nf6 4. g3 d6 5. Bg2 g6 6. O-O Bg7 7. d3 O-O 8. h3
Ne8 9. Be3 Nd4 10. Kh2 Rb8 11. Qd2 b5 12. Nd1 Nxe2 13. Qxe2 Nc7 14. Qd2 Re8 15.
f4 e6 16. c3 b4 17. c4 a5 18. d4 Qe7 19. Nf2 Bb7 20. Rae1 Ba6 21. b3 d5 22. Rc1
dxc4 23. bxc4 Rbd8 24. e5 f6 25. Qb2 cxd4 26. Bxd4 Rf8 27. Ng4 Ne8 28. exf6
Nxf6 29. Ne5 Bb7 30. Bb6 Ra8 31. Rfd1 Nd7 32. Bd4 Bxg2 33. Kxg2 Nc5 34. Kh2
Rfc8 35. Qg2 Qc7 36. Qf3 a4 37. Qe3 Bxe5 38. Bxe5 Qc6 39. Bd6 b3 40. Bxc5 Qxc5
41. Qxe6+ Kf8 42. Qf6+ Kg8 43. Qe6+ Kf8 44. Qf6+ Kg8 1/2-1/2

[Event "Abierto Internacional Carlos I"]
[Site "Hotel Carlos I (Sanxenxo)"]
[Date "2009.06.25"]
[Round "6.1"]
[White "Gomez, Ledo Roberto"]
[Black "Paunovic, Dragan"]
[Result "1/2-1/2"]
[WhiteElo "2398"]
[BlackElo "2537"]
[PlyCount "26"]
[EventDate "2009.06.20"]

1. d4 d6 2. e4 Nf6 3. Nc3 e5 4. dxe5 dxe5 5. Qxd8+ Kxd8 6. Bc4 Ke8 7. Nf3 Bd6
8. Bg5 Nbd7 9. O-O-O a6 10. a4 h6 11. Bh4 g6 12. Kb1 Kf8 13. Ne1 Kg7 1/2-1/2

[Event "Abierto Internacional Carlos I"]
[Site "Hotel Carlos I (Sanxenxo)"]
[Date "2009.06.25"]
[Round "6.2"]
[White "Recuero Guerra, David"]
[Black "Rodriguez Lopez, Rafael"]
[Result "1-0"]
[WhiteElo "2459"]
[BlackElo "2299"]
[PlyCount "55"]
[EventDate "2009.06.20"]

1. e4 c6 2. d4 d5 3. Nd2 dxe4 4. Nxe4 Bf5 5. Ng3 Bg6 6. Bc4 e6 7. N1e2 Bd6 8.
h4 h6 9. Nf4 Bxf4 10. Bxf4 Nf6 11. Qe2 O-O 12. O-O-O Nbd7 13. h5 Bh7 14. Bd3
Bxd3 15. Rxd3 Nd5 16. Bd2 b5 17. Ne4 N7f6 18. g4 Nxe4 19. Qxe4 Rc8 20. Rg1 Nf6
21. Qe2 Qd5 22. g5 hxg5 23. Bxg5 Ne4 24. Be7 Rfe8 25. Qg4 g6 26. hxg6 f6 27.
Qh4 Rxe7 28. Rh3 1-0

[Event "Abierto Internacional Carlos I"]
[Site "Hotel Carlos I (Sanxenxo)"]
[Date "2009.06.25"]
[Round "6.3"]
[White "Lemeaux, David"]
[Black "Aguera Naredo, Javier"]
[Result "0-1"]
[WhiteElo "2204"]
[BlackElo "2380"]
[PlyCount "66"]
[EventDate "2009.06.20"]

1. d4 Nf6 2. Bg5 b6 3. Nd2 Bb7 4. Ngf3 g6 5. Bxf6 exf6 6. e4 Bg7 7. Bd3 O-O 8.
O-O d6 9. c3 c5 10. a4 cxd4 11. Nxd4 d5 12. exd5 f5 13. Qb3 Nd7 14. Bc4 Ne5 15.
Nc6 Bxc6 16. dxc6 Qxd2 17. Rfd1 Qf4 18. Rd4 Qh6 19. Bd5 Ng4 20. h3 Bxd4 21.
cxd4 Nf6 22. Bc4 Qf4 23. Rd1 Ne4 24. Qc2 Rac8 25. d5 Rfd8 26. a5 bxa5 27. f3
Qe3+ 28. Kh2 Nd6 29. b3 a4 30. Rd3 axb3 31. Bxb3 Qe5+ 32. Kg1 Qe1+ 33. Kh2 Re8
0-1

[Event "Abierto Internacional Carlos I"]
[Site "Hotel Carlos I (Sanxenxo)"]
[Date "2009.06.25"]
[Round "6.4"]
[White "Strikovic, Aleksa"]
[Black "Alvarez Fernandez, Enrique"]
[Result "1-0"]
[WhiteElo "2536"]
[BlackElo "2376"]
[PlyCount "119"]
[EventDate "2009.06.20"]

1. e4 c5 2. Nf3 d6 3. g3 Nf6 4. Nc3 Nc6 5. Bg2 e5 6. d3 Be7 7. O-O O-O 8. Nd2
Nd4 9. Nc4 b5 10. Ne3 Bb7 11. Bd2 Qd7 12. Ncd5 Nxd5 13. Nxd5 Bd8 14. c3 Nc6 15.
f4 Ne7 16. fxe5 Nxd5 17. exd5 dxe5 18. c4 f5 19. Be3 Be7 20. Qe2 Bd6 21. b4 Qe7
22. Rac1 bxc4 23. dxc4 Rac8 24. g4 f4 25. bxc5 Bxc5 26. Bxc5 Qxc5+ 27. Kh1 Rce8
28. Be4 Bc8 29. Qf2 Qd4 30. Qxd4 exd4 31. Bf3 Ba6 32. Rfd1 Re3 33. Kg2 Rb8 34.
d6 Rb2+ 35. Kg1 Rxf3 36. d7 Rb8 37. Rxd4 Rd8 38. c5 Rd3 39. Rxd3 Bxd3 40. c6
Ba6 41. Rc5 Bc8 42. dxc8=Q Rxc8 43. Kf2 Kf7 44. Kf3 g5 45. Rxg5 Rxc6 46. Ra5 a6
47. Kxf4 Rb6 48. Kg5 Kg7 49. a4 Rg6+ 50. Kh4 Rc6 51. Rd5 Rc4 52. a5 Ra4 53. Kh5
Kf7 54. h4 Kg7 55. Rd7+ Kg8 56. g5 Kh8 57. Ra7 Rxa5 58. Kh6 Kg8 59. Ra8+ Kf7
60. Kxh7 1-0

[Event "Abierto Internacional Carlos I"]
[Site "Hotel Carlos I (Sanxenxo)"]
[Date "2009.06.25"]
[Round "6.6"]
[White "Guerra Bastida, Diego"]
[Black "Alvarez de Ron Cruz, Dan"]
[Result "1/2-1/2"]
[WhiteElo "2420"]
[BlackElo "2260"]
[PlyCount "42"]
[EventDate "2009.06.20"]

1. e4 g6 2. d4 Bg7 3. Nf3 d6 4. c3 Nd7 5. Bd3 e6 6. O-O Ne7 7. Re1 b6 8. a4 a6
9. c4 c6 10. Nc3 O-O 11. Bg5 h6 12. Bh4 g5 13. Bg3 e5 14. d5 cxd5 15. cxd5 Nc5
16. Bc4 f5 17. Bxe5 dxe5 18. d6+ Kh8 19. dxe7 Qxe7 20. Bd5 Ra7 21. Nd2 fxe4
1/2-1/2